<?xml version="1.0" encoding="UTF-8"?>
<record
    xmlns:xsi="http://www.w3.org/2001/XMLSchema-instance"
    xsi:schemaLocation="http://www.loc.gov/MARC21/slim http://www.loc.gov/standards/marcxml/schema/MARC21slim.xsd"
    xmlns="http://www.loc.gov/MARC21/slim">

  <leader>02320nam a22003257a 4500</leader>
  <controlfield tag="001">1729</controlfield>
  <controlfield tag="003">FISKH</controlfield>
  <controlfield tag="005">20231003161348.0</controlfield>
  <controlfield tag="008">230921b        cb ||||| |||| 00| 0 khr d</controlfield>
  <datafield tag="020" ind1=" " ind2=" ">
    <subfield code="a">9789924340188</subfield>
  </datafield>
  <datafield tag="040" ind1=" " ind2=" ">
    <subfield code="a">FISKH </subfield>
    <subfield code="b">eng </subfield>
    <subfield code="c">FISKH </subfield>
    <subfield code="d">FISKH </subfield>
  </datafield>
  <datafield tag="082" ind1=" " ind2=" ">
    <subfield code="a">509.031</subfield>
  </datafield>
  <datafield tag="100" ind1=" " ind2=" ">
    <subfield code="a">Tae-kwan, Kim</subfield>
  </datafield>
  <datafield tag="245" ind1=" " ind2=" ">
    <subfield code="a"> 100 &#x179C;&#x17B7;&#x1791;&#x17D2;&#x1799;&#x17B6;&#x179F;&#x17B6;&#x179F;&#x17D2;&#x179A;&#x17D2;&#x178F;&#x17A2;&#x1797;&#x17B7;&#x179C;&#x178F;&#x17D2;&#x178F;&#x1793;&#x17CD;&#x1796;&#x17B7;&#x1797;&#x1796;&#x179B;&#x17C4;&#x1780; /</subfield>
    <subfield code="b">&#x1796;&#x17B8;&#x1780;&#x17C6;&#x178E;&#x17BE;&#x178F;&#x1793;&#x17C3;&#x1782;&#x17D2;&#x179A;&#x17BF;&#x1784;&#x1799;&#x1793;&#x17D2;&#x178F;&#x1794;&#x17D2;&#x179A;&#x17BE;&#x1785;&#x17C6;&#x17A0;&#x17B6;&#x1799;&#x1791;&#x17B9;&#x1780; &#x179A;&#x17A0;&#x17BC;&#x178F;&#x178A;&#x179B;&#x17CB;&#x1785;&#x17D2;&#x1794;&#x17B6;&#x1794;&#x17CB;&#x17A2;&#x17B6;&#x179C;&#x17C9;&#x17BC;&#x1780;&#x17B6;&#x1794;&#x17D2;&#x179A;&#x17BC; : </subfield>
    <subfield code="c">&#x1793;&#x17B7;&#x1796;&#x1793;&#x17D2;&#x1792;&#x178A;&#x17C4;&#x1799; &#x1782;&#x17B8;&#x1798; &#x1790;&#x17C2;&#x1781;&#x17D2;&#x179C;&#x17B6;&#x1793;&#x17CB; &#x1793;&#x17B7;&#x1784; &#x17A2;&#x17CA;&#x17B8;&#x1798; &#x17A0;&#x17D2;&#x1799;&#x1784;&#x179C;&#x17BB;&#x1780; -&#x200B; &#x1782;&#x17BC;&#x179A;&#x179A;&#x17BC;&#x1794;&#x178A;&#x17C4;&#x1799; &#x1798;&#x17BB;&#x1793; &#x1795;&#x17D2;&#x179F;&#x1784;&#x1799;&#x17BB;&#x1793; - &#x1794;&#x1780;&#x1794;&#x17D2;&#x179A;&#x17C2;&#x1796;&#x17B8;&#x1797;&#x17B6;&#x179F;&#x17B6;&#x1790;&#x17C3;&#x178A;&#x17C4;&#x1799; &#x179C;&#x17C9;&#x17B6; &#x179F;&#x17BB;&#x179C;&#x178E;&#x17D2;&#x178E;&#x179A;&#x178A;&#x17D2;&#x178A;</subfield>
  </datafield>
  <datafield tag="250" ind1=" " ind2=" ">
    <subfield code="a">&#x1794;&#x17C4;&#x17C7;&#x1796;&#x17BB;&#x1798;&#x17D2;&#x1796;&#x179B;&#x17BE;&#x1780;&#x1791;&#x17B8; &#x17E3;&#x200B; &#x1780;&#x17BB;&#x1798;&#x17D2;&#x1797;&#x17C8; &#x17E2;&#x17E0;&#x17E2;&#x17E2;</subfield>
  </datafield>
  <datafield tag="260" ind1=" " ind2=" ">
    <subfield code="a">Phnom Penh : </subfield>
    <subfield code="b">Sipar, </subfield>
    <subfield code="c">2022.</subfield>
  </datafield>
  <datafield tag="300" ind1=" " ind2=" ">
    <subfield code="a">97 pages : </subfield>
    <subfield code="b">color illustrations ; </subfield>
    <subfield code="c">23 cm</subfield>
  </datafield>
  <datafield tag="490" ind1=" " ind2=" ">
    <subfield code="a">&#x1781;&#x17D2;&#x1789;&#x17BB;&#x17C6;&#x1785;&#x1784;&#x17CB;&#x178A;&#x17B9;&#x1784;</subfield>
    <subfield code="v">3</subfield>
  </datafield>
  <datafield tag="505" ind1=" " ind2=" ">
    <subfield code="a">Z'
</subfield>
  </datafield>
  <datafield tag="520" ind1=" " ind2=" ">
    <subfield code="a">&#x1795;&#x17D2;&#x1793;&#x17C2;&#x1780;&#x1791;&#x17B8; 3 &#x1793;&#x17C3;&#x179F;&#x17C0;&#x179C;&#x1797;&#x17C5;&#x179A;&#x17BC;&#x1794;&#x1790;&#x17D2;&#x179B;&#x17BB;&#x1780;&#x1780;&#x17C6;&#x1794;&#x17D2;&#x179B;&#x17C2;&#x1784;&#x1793;&#x17C1;&#x17C7; &#x1796;&#x17B7;&#x1796;&#x178E;&#x17CC;&#x1793;&#x17B6;&#x17A2;&#x17C6;&#x1796;&#x17B8;&#x1794;&#x17D2;&#x179A;&#x179C;&#x178F;&#x17D2;&#x178F;&#x17B7;&#x1793;&#x17C3;&#x1780;&#x17B6;&#x179A;&#x179A;&#x1780;&#x1783;&#x17BE;&#x1789;&#x179C;&#x178F;&#x17D2;&#x1790;&#x17BB;&#x179C;&#x17B7;&#x1791;&#x17D2;&#x1799;&#x17B6;&#x179F;&#x17B6;&#x179F;&#x17D2;&#x179A;&#x17D2;&#x178F; &#x1797;&#x1796;&#x1790;&#x17D2;&#x1798;&#x17B8; &#x179F;&#x17B6;&#x179A;&#x1792;&#x17B6;&#x178F;&#x17BB;&#x1782;&#x17B8;&#x1798;&#x17B8; &#x1785;&#x17D2;&#x1794;&#x17B6;&#x1794;&#x17CB; &#x1793;&#x17B7;&#x1784;&#x1791;&#x17D2;&#x179A;&#x17B9;&#x179F;&#x17D2;&#x178F;&#x17B8;&#x179A;&#x179C;&#x17B6;&#x1784;&#x179F;&#x178F;&#x179C;&#x178F;&#x17D2;&#x179F;&#x1791;&#x17B8; 18 &#x1793;&#x17B7;&#x1784; 19 &#x1787;&#x17B6;&#x1798;&#x17BD;&#x1799;&#x1793;&#x17B9;&#x1784;&#x1780;&#x17B6;&#x179A;&#x179F;&#x1793;&#x17D2;&#x1791;&#x1793;&#x17B6;&#x179A;&#x1794;&#x179F;&#x17CB; Albert Einstein, Ouchou &#x1793;&#x17B7;&#x1784; Phora &#x17D4;</subfield>
  </datafield>
  <datafield tag="520" ind1=" " ind2=" ">
    <subfield code="a">Part 3 in the series describing the history of the discoveries of scientific things, a new planet, chemical substances, laws and theories between the 18th and 19th century with the dialogue of Albert Einstein, Ouchou and Phora. </subfield>
  </datafield>
  <datafield tag="521" ind1="8" ind2=" ">
    <subfield code="a">1060
</subfield>
    <subfield code="b">Lexile estimate

</subfield>
  </datafield>
  <datafield tag="521" ind1="8" ind2=" ">
    <subfield code="a">Z'
</subfield>
    <subfield code="b">Raz-Plus
</subfield>
  </datafield>
  <datafield tag="650" ind1=" " ind2=" ">
    <subfield code="a">&#x179F;&#x17D2;&#x179A;&#x17B6;&#x179C;&#x1787;&#x17D2;&#x179A;&#x17B6;&#x179C; </subfield>
    <subfield code="v">&#x1791;&#x17D2;&#x179A;&#x17B9;&#x179F;&#x17D2;&#x178A;&#x17B8; </subfield>
    <subfield code="x">&#x179C;&#x17B7;&#x1791;&#x17D2;&#x1799;&#x17B6;&#x179F;&#x17B6;&#x179F;&#x17D2;&#x179A;&#x17D2;&#x178F; </subfield>
    <subfield code="y">&#x179F;&#x1793;&#x17D2;&#x1791;&#x1793;&#x17B6; </subfield>
  </datafield>
  <datafield tag="650" ind1=" " ind2=" ">
    <subfield code="a">Discover </subfield>
    <subfield code="v">Theories </subfield>
    <subfield code="x">Science </subfield>
    <subfield code="y">Dialogue </subfield>
  </datafield>
  <datafield tag="700" ind1=" " ind2=" ">
    <subfield code="a">Hyeong-wook, Im </subfield>
    <subfield code="e">Author</subfield>
  </datafield>
  <datafield tag="700" ind1=" " ind2=" ">
    <subfield code="a">Sung-hun, Jung</subfield>
    <subfield code="e">illustrator]</subfield>
  </datafield>
  <datafield tag="700" ind1=" " ind2=" ">
    <subfield code="a">Sovannrath, Va</subfield>
    <subfield code="e">Translator</subfield>
  </datafield>
  <datafield tag="942" ind1=" " ind2=" ">
    <subfield code="2">ddc</subfield>
    <subfield code="c">KHB</subfield>
    <subfield code="n">0</subfield>
  </datafield>
  <datafield tag="999" ind1=" " ind2=" ">
    <subfield code="c">1729</subfield>
    <subfield code="d">1729</subfield>
  </datafield>
  <datafield tag="952" ind1=" " ind2=" ">
    <subfield code="0">0</subfield>
    <subfield code="1">0</subfield>
    <subfield code="2">ddc</subfield>
    <subfield code="4">0</subfield>
    <subfield code="7">0</subfield>
    <subfield code="8">KHMERNF</subfield>
    <subfield code="a">001</subfield>
    <subfield code="b">001</subfield>
    <subfield code="c">RHTK2</subfield>
    <subfield code="d">2023-09-21</subfield>
    <subfield code="l">1</subfield>
    <subfield code="o">TAE 509.031</subfield>
    <subfield code="p">2023-0685</subfield>
    <subfield code="r">2026-02-02 09:32:02</subfield>
    <subfield code="s">2026-01-05</subfield>
    <subfield code="t">1</subfield>
    <subfield code="w">2023-09-21</subfield>
    <subfield code="y">KHB</subfield>
  </datafield>
  <datafield tag="952" ind1=" " ind2=" ">
    <subfield code="0">0</subfield>
    <subfield code="1">0</subfield>
    <subfield code="2">ddc</subfield>
    <subfield code="4">0</subfield>
    <subfield code="7">0</subfield>
    <subfield code="8">KHMERNF</subfield>
    <subfield code="a">001</subfield>
    <subfield code="b">001</subfield>
    <subfield code="c">RHTK2</subfield>
    <subfield code="d">2023-09-21</subfield>
    <subfield code="l">0</subfield>
    <subfield code="o">TAE 509.031</subfield>
    <subfield code="p">2023-0686</subfield>
    <subfield code="r">2023-09-21 12:40:58</subfield>
    <subfield code="t">2</subfield>
    <subfield code="w">2023-09-21</subfield>
    <subfield code="y">KHB</subfield>
  </datafield>
  <datafield tag="952" ind1=" " ind2=" ">
    <subfield code="0">0</subfield>
    <subfield code="1">0</subfield>
    <subfield code="2">ddc</subfield>
    <subfield code="4">0</subfield>
    <subfield code="7">0</subfield>
    <subfield code="8">KHMERNF</subfield>
    <subfield code="a">001</subfield>
    <subfield code="b">001</subfield>
    <subfield code="c">RHTK2</subfield>
    <subfield code="d">2023-09-21</subfield>
    <subfield code="l">0</subfield>
    <subfield code="o">TAE 509.031</subfield>
    <subfield code="p">FISTK05245</subfield>
    <subfield code="r">2023-09-27 07:53:34</subfield>
    <subfield code="t">3</subfield>
    <subfield code="w">2023-09-21</subfield>
    <subfield code="y">KHB</subfield>
  </datafield>
  <datafield tag="952" ind1=" " ind2=" ">
    <subfield code="0">0</subfield>
    <subfield code="1">0</subfield>
    <subfield code="2">ddc</subfield>
    <subfield code="4">0</subfield>
    <subfield code="7">0</subfield>
    <subfield code="8">KHMERNF</subfield>
    <subfield code="a">001</subfield>
    <subfield code="b">001</subfield>
    <subfield code="c">RHTK2</subfield>
    <subfield code="d">2023-09-21</subfield>
    <subfield code="l">0</subfield>
    <subfield code="o">TAE 509.031</subfield>
    <subfield code="p">FISTK05244</subfield>
    <subfield code="r">2023-09-27 07:53:50</subfield>
    <subfield code="t">4</subfield>
    <subfield code="w">2023-09-21</subfield>
    <subfield code="y">KHB</subfield>
  </datafield>
  <datafield tag="952" ind1=" " ind2=" ">
    <subfield code="0">0</subfield>
    <subfield code="1">0</subfield>
    <subfield code="2">ddc</subfield>
    <subfield code="4">0</subfield>
    <subfield code="7">0</subfield>
    <subfield code="8">KHMERNF</subfield>
    <subfield code="a">001</subfield>
    <subfield code="b">001</subfield>
    <subfield code="c">SKB</subfield>
    <subfield code="d">2023-09-21</subfield>
    <subfield code="l">1</subfield>
    <subfield code="o">TAE 509.031</subfield>
    <subfield code="p">FISSE01569</subfield>
    <subfield code="r">2025-03-11 16:31:18</subfield>
    <subfield code="s">2025-03-11</subfield>
    <subfield code="t">5</subfield>
    <subfield code="w">2023-09-21</subfield>
    <subfield code="y">KHB</subfield>
  </datafield>
  <datafield tag="952" ind1=" " ind2=" ">
    <subfield code="0">0</subfield>
    <subfield code="1">0</subfield>
    <subfield code="2">ddc</subfield>
    <subfield code="4">0</subfield>
    <subfield code="7">0</subfield>
    <subfield code="8">KHMERNF</subfield>
    <subfield code="a">002</subfield>
    <subfield code="b">002</subfield>
    <subfield code="c">SKB</subfield>
    <subfield code="d">2025-04-01</subfield>
    <subfield code="l">0</subfield>
    <subfield code="o">TAE 509.031</subfield>
    <subfield code="p">FIS04377</subfield>
    <subfield code="r">2025-04-01 08:37:17</subfield>
    <subfield code="t">6</subfield>
    <subfield code="w">2025-04-01</subfield>
    <subfield code="y">KHB</subfield>
  </datafield>
</record>
